000 00374nam a2200145Ia 4500
001 2422
008 241024s9999 xx 000 0 und d
082 _aRD/350.7/AP644m/2004-2012
100 _aAPORDOM (Autoridad Portuaria Dominicana)
245 0 _aMemorias 2004 -2012
260 _bEd. Centenario
_c2012
590 _asi
901 _a28/8/2012 4:00:58 p.m.
999 _c9498
_d9498